Možnosti zníženia základu dane fyzických osôb o investície vynaložené na nehnuteľnosti vo vybraných krajinách sveta a na Slovensku
Porovnanie daňových úľav pri investíciách do nehnuteľností vo vybraných krajinách a na Slovensku.
Gespeichert in:
| 1. Verfasser: | |
|---|---|
| Format: | Buchkapitel |
| Sprache: | Slowakisch |
| Schlagworte: | |
| Tags: |
Keine Tags, Fügen Sie das erste Tag hinzu!
|
MARC
| LEADER | 00000naa$a2200000$$$4500 | ||
|---|---|---|---|
| 001 | 0017018 | ||
| 005 | 20231106070115.4 | ||
| 041 | 0 | |a slo | |
| 044 | |a SK | ||
| 245 | 1 | 0 | |a Možnosti zníženia základu dane fyzických osôb o investície vynaložené na nehnuteľnosti vo vybraných krajinách sveta a na Slovensku |c aut. Monika Čepelová |
| 520 | |a Porovnanie daňových úľav pri investíciách do nehnuteľností vo vybraných krajinách a na Slovensku. | ||
| 610 | 2 | 0 | |a dane z nehnuteľností |
| 610 | 2 | 0 | |a úľavy daňové |
| 610 | 2 | 0 | |a svet |
| 610 | 2 | 0 | |a Slovensko |
| 100 | 1 | |a Čepelová, Monika | |